Operating System Concepts / (Record no. 12790)
[ view plain ]
| 000 -LEADER | |
|---|---|
| fixed length control field | 02734nac a22003611u 4500 |
| 008 - FIXED-LENGTH DATA ELEMENTS--GENERAL INFORMATION | |
| fixed length control field | 091014t xxu||||| |||| 00| 0 eng d |
| 010 ## - LIBRARY OF CONGRESS CONTROL NUMBER | |
| LC control number | 2004059084 |
| 020 ## - INTERNATIONAL STANDARD BOOK NUMBER | |
| International Standard Book Number | 9780470233993 |
| 082 00 - DEWEY DECIMAL CLASSIFICATION NUMBER | |
| Classification number | 005.43 |
| Item number | SIL |
| 100 ## - MAIN ENTRY--PERSONAL NAME | |
| Personal name | Silberschatz, Abraham. |
| 9 (RLIN) | 8856 |
| 245 10 - TITLE STATEMENT | |
| Title | Operating System Concepts / |
| Statement of responsibility, etc | Abraham Silberschatz, Peter Baer Galvin, Greg Gagne. |
| 250 ## - EDITION STATEMENT | |
| Edition statement | 8th ed. |
| Remainder of edition statement | International Student edition |
| 260 ## - PUBLICATION, DISTRIBUTION, ETC. (IMPRINT) | |
| Place of publication, distribution, etc | Hoboken, NJ : |
| Name of publisher, distributor, etc | John Wiley & Sons, |
| Date of publication, distribution, etc | c2010. |
| 300 ## - PHYSICAL DESCRIPTION | |
| Extent | xx, 972 p. : |
| Other physical details | col. ill. ; |
| Dimensions | 27 cm. |
| 504 ## - BIBLIOGRAPHY, ETC. NOTE | |
| Bibliography, etc | Includes bibliographical references and index. |
| 650 #0 - SUBJECT ADDED ENTRY--TOPICAL TERM | |
| Topical term or geographic name as entry element | Operating systems (Computers) |
| 9 (RLIN) | 8857 |
| 653 ## - INDEX TERM--UNCONTROLLED | |
| Resource For college | |
| Arrived date list | October2011 |
| 700 1# - ADDED ENTRY--PERSONAL NAME | |
| Personal name | Galvin, Peter Baer |
| 9 (RLIN) | 8858 |
| 700 1# - ADDED ENTRY--PERSONAL NAME | |
| Personal name | Gagne, Greg |
| 9 (RLIN) | 8859 |
| 856 41 - ELECTRONIC LOCATION AND ACCESS | |
| Materials specified | Table of contents only |
| Uniform Resource Identifier | <a href="http://www.loc.gov/catdir/toc/wiley051/2004059084.html">http://www.loc.gov/catdir/toc/wiley051/2004059084.html</a> |
| 856 41 - ELECTRONIC LOCATION AND ACCESS | |
| Materials specified | Contributor biographical information |
| Uniform Resource Identifier | <a href="http://www.loc.gov/catdir/enhancements/fy0618/2004059084-b.html">http://www.loc.gov/catdir/enhancements/fy0618/2004059084-b.html</a> |
| 856 41 - ELECTRONIC LOCATION AND ACCESS | |
| Materials specified | Publisher description |
| Uniform Resource Identifier | <a href="http://www.loc.gov/catdir/enhancements/fy0618/2004059084-d.html">http://www.loc.gov/catdir/enhancements/fy0618/2004059084-d.html</a> |
| 942 ## - ADDED ENTRY ELEMENTS (KOHA) | |
| Item type | Book - Borrowing |
| Call number prefix | 005.43SIL |
| Source of classification or shelving scheme | Dewey Decimal Classification |
| Withdrawn status | Item status | Source of classification or shelving scheme | Damaged status | Not for loan | Vendor | Home library | Current library | Shelving location | Date acquired | Source of acquisition | Total Checkouts | Full call number | Barcode | Date last seen | Date last borrowed | Koha item type | Total Renewals | Checked out |
|---|---|---|---|---|---|---|---|---|---|---|---|---|---|---|---|---|---|---|
| Dewey Decimal Classification | Baccah | Central Library | Central Library | Lower Floor | 14/10/2009 | 1 | 005.43 SIL | 000018263 | 15/07/2025 | 14/10/2010 | NB - Book (Non borrowing) | |||||||
| Dewey Decimal Classification | Baccah | Central Library | Central Library | Lower Floor | 14/10/2009 | 10 | 005.43 SIL | 000018091 | 15/07/2025 | 26/09/2016 | Book - Borrowing | 48 | ||||||
| Dewey Decimal Classification | Baccah | Central Library | Central Library | Lower Floor | 25/11/2009 | 8 | 005.43 SIL | 000019117 | 09/02/2026 | 09/02/2026 | Book - Borrowing | 66 | 16/05/2026 | |||||
| Dewey Decimal Classification | Baccah | Central Library | Central Library | Lower Floor | 25/11/2009 | 12 | 005.43 SIL | 000019118 | 15/07/2025 | 26/09/2016 | Book - Borrowing | 21 | ||||||
| Dewey Decimal Classification | Baccah | Central Library | Central Library | Lower Floor | 27/10/2010 | 10 | 005.43 SIL | 000021817 | 15/07/2025 | 04/11/2021 | Book - Borrowing | 93 | ||||||
| Dewey Decimal Classification | Baccah | Central Library | Central Library | Lower Floor | 27/10/2010 | 9 | 005.43 SIL | 000021815 | 15/07/2025 | 09/01/2018 | Book - Borrowing | 58 | ||||||
| Dewey Decimal Classification | Baccah | Central Library | Central Library | Lower Floor | 27/10/2010 | 8 | 005.43 SIL | 000021814 | 15/07/2025 | 01/10/2017 | Book - Borrowing | 58 | ||||||
| Dewey Decimal Classification | Baccah | Central Library | Central Library | Lower Floor | 27/10/2010 | 12 | 005.43 SIL | 000021811 | 15/07/2025 | 14/04/2022 | Book - Borrowing | 50 | ||||||
| Dewey Decimal Classification | Baccah | Central Library | Central Library | Lower Floor | 09/10/2011 | 7 | 005.43 SIL | 000025213 | 15/07/2025 | 31/10/2018 | Book - Borrowing | 21 |